Les personnages de théâtre par leurs répliques n°2 - Statistiques

Statistiques générales
  • Ce quiz a été pris 93 fois
  • Le résultat moyen est 2 sur 10
Statistiques - réponses
Répliques Indices Personnages % Correct
Pauvre Créon ! Avec mes ongles cassés et pleins de terre et les bleus que tes gardes m'ont faits aux bras, avec ma peur qui me tord le ventre, moi je suis reine... Jean Anouilh Antigone
94%
Il n'est rien de si doux que de triompher de la résistance d'une belle personne ... Jean-Baptiste Poquelin Dom Juan
42%
Va, cours, vole, et nous venge... Le Cid Don Diègue
36%
Quoi ? Quand je dis : « Nicole, apportez-moi mes pantoufles, et me donnez mon bonnet de nuit » c'est de la prose ?... Molière Monsieur Jourdain
27%
Tous les hommes sont menteurs, inconstants, faux, bavards, hypocrites, orgueilleux ou lâches, méprisables et sensuels; toutes les femmes sont perfides, artificieuses, vaniteuses, curieuses et dépravées... On ne badine pas avec l'amour Perdican
25%
Presque tous les hommes meurent de leurs remèdes, et non pas de leurs maladies... Le Malade imaginaire Beralde
4%
Ah ! quand l'intérêt personnel ne nous arme point les unes contre les autres, nous sommes toutes portées à soutenir notre pauvre sexe opprimé, contre ce fier, terrible... et pourtant un peu nigaud de sexe masculin... Le Mariage de Figaro Marceline
4%
Mon courage invaincu contre les empereurs N'arme que la moitié de ses moindres fureurs ; D'un seul commandement que je fais aux trois Parques, Je dépeuple l'État des plus heureux monarques ; Le foudre est mon canon, les Destins mes soldats : Je couche d'un revers mille ennemis à bas... Pierre Corneille Matamore
2%
Il n'est pas bien honnête, et pour beaucoup de causes, qu'une femme étudie et sache tant de choses... Les femmes savantes Chrysale
1%
Un mari porte un masque avec le monde, et une grimace avec sa femme... Pierre-Augustin Caron de Beaumarchais Lisette
1%
Aucun quiz correspondant
Distribution des résultats
% des personnes avec chaque résultat
Percentile par nombre de réponses
Votre historique - résultats
Vous n’avez pas pris ce quiz